Crescimento e Idade de Espécies Nativas Regenerantes Sob Plantio de Araucaria angustifolia no Paraná (Registro n. 340256)
[ somente texto ]
| 000 -LÍDER | |
|---|---|
| fixed length control field | 03753nab a2200313 i 4500 |
| 003 - CÓDIGO MARC DA AGÊNCIA CATALOGADORA | |
| Campo de controle | BR-BrBNA |
| 005 - DATA E HORA DA ÚLTIMA ATUALIZAÇÃO | |
| Campo de controle | 20260304112158.0 |
| 008 - CAMPO DE TAMANHO FIXO | |
| fixed length control field | 260304b2017 bl.ar|pooa||| 00| 0 por | |
| 040 ## - FONTE DA CATALOGAÇÃO | |
| Agência catalogadora | BR-BrBNA |
| Idioma da catalogação | por |
| 072 ## - CATEGORIA AGRIS | |
| Código AGRIS | K10 |
| Código do objeto | 3103 |
| 100 ## - ENTRADA PRINCIPAL - NOME PESSOAL | |
| Nome pessoal | Figueiredo Filho, Afonso |
| 100 ## - ENTRADA PRINCIPAL - NOME PESSOAL | |
| Nome pessoal | Retslaff, Franciéle de Souza |
| 100 ## - ENTRADA PRINCIPAL - NOME PESSOAL | |
| Nome pessoal | Retslaff, Fabiane de Souza |
| 100 ## - ENTRADA PRINCIPAL - NOME PESSOAL | |
| Nome pessoal | Longhi-Santos, Tomaz |
| 100 ## - ENTRADA PRINCIPAL - NOME PESSOAL | |
| Nome pessoal | Stepka, Thiago Floriani |
| 245 ## - TÍTULO PRINCIPAL | |
| Título principal | Crescimento e Idade de Espécies Nativas Regenerantes Sob Plantio de Araucaria angustifolia no Paraná |
| 500 ## - NOTA GERAL | |
| Nota geral | Publicação on-line; 12 ref.; 4 tables; 3 illus.; Summaries (En, Pt) |
| 942 ## - ADDED ENTRY ELEMENTS (KOHA) | |
| Koha item type | Analítica |
| 520 ## - NOTA DE RESUMO | |
| Nota de conteúdo | <br/><br/>RESUMO<br/><br/>Este trabalho teve como objetivo usar técnicas dendrocronológicas para recuperar o crescimento<br/>diamétrico e a idade média de espécies arbóreas estabelecidas sob um povoamento de Araucaria<br/>angustifolia implantado em 1949 na Floresta Nacional de Irati, Paraná. Foram amostradas<br/>30 árvores da espécie regenerante Araucaria angustifolia, 24 da espécie regenerante Cedrela fissilis,<br/>24 da espécie regenerante Clethra scabra, 22 da espécie regenerante Ilex paraguariensis e 18 da<br/>espécie regenerante Ocotea puberula. O modelo de Chapman-Richards foi utilizado para descrever<br/>as curvas de crescimento em diâmetro por espécie, construindo-se curvas de incremento médio<br/>anual (IMA) e incremento corrente anual (ICA). As espécies estudadas apresentaram grande<br/>potencial para estudos dendrocronológicos e o uso dessa técnica permitiu determinar que a<br/>regeneração natural iniciou-se em 1958 e que tinha, em média, 34 anos. A técnica possibilitou<br/>também recompor o crescimento em diâmetro por espécie, gerando taxas de crescimento anuais,<br/>com as quais se identificaram os anos característicos de alto e baixo crescimento.<br/>Palavras-chave: dendrocronologia, regeneração natural, floresta com Araucária,<br/>crescimento e produção.<br/><br/>Growth and Ages of Regenerating Native Species Under Plantation of<br/>Araucaria angustifolia in Parana State<br/><br/><br/><br/><br/><br/><br/>ABSTRACT<br/><br/>This study aimed to use dendrocronology techniques to recover the diameter growth and the<br/>average age of tree species established under an Araucaria angustifolia stand, planted in 1949 in<br/>the Irati National Forest, Paraná state. We obtained samples of 30 regenerating trees of the<br/>species Araucaria angustifolia, 24 regenerating trees of the species Cedrela fissilis, 24 regenerating<br/>trees of the species Clethra scabra, 22 regenerating trees of the species Ilex paraguariensis and<br/>18 regenerating trees of the species Ocotea puberula. The Chapman-Richards model was used<br/>to describe the growth curves in diameter by species and curves of mean annual increment<br/>(MAI) and current annual increment (CAI) were constructed. Species showed a great potential<br/>for dendrochronological studies and the use of this technique allowed determining that natural<br/>regeneration began in 1958 and it had an average of 34 years old. The technique also allowed<br/>restore growth by species, generating annual growth rates, which identified the characteristic<br/>years of high and low growth.<br/><br/>Keywords: dendrochronology, natural regeneration, Araucaria forest, growth and<br/>yield. |
| 650 ## - ASSUNTO - THESAGRO | |
| Cabeçalho tópico ou nome geográfico | DENDROLOGIA |
| 650 ## - ASSUNTO - THESAGRO | |
| Cabeçalho tópico ou nome geográfico | REGENERAÇÃO NATURAL |
| 650 ## - ASSUNTO - THESAGRO | |
| Cabeçalho tópico ou nome geográfico | FLORESTA |
| 650 ## - ASSUNTO - THESAGRO | |
| Cabeçalho tópico ou nome geográfico | ARAUCÁRIA |
| 650 ## - ASSUNTO - THESAGRO | |
| Cabeçalho tópico ou nome geográfico | CRESCIMENTO |
| 650 ## - ASSUNTO - THESAGRO | |
| Cabeçalho tópico ou nome geográfico | PRODUÇÃO FLORESTAL |
| 773 0# - ENTRADA ANALÍTICA | |
| Host Biblionumber | 2929 |
| Registro do item | 347945 |
| Imprenta | Rio de Janeiro-RJ Instituto de Florestas - UFRRJ 1994 |
| Outro identificador | 2025-0444 |
| Título | Floresta e Ambiente (Brazil) |
| ISSN | 1415-0980 / ISSN 2179-8087 0nline |
| Colação | v. 24 p. 1-9; (2017) |
| Número de controle de registro | BR2026000172 |
| 856 ## - ACESSO E ENDEREÇO ELETRÔNICO | |
| Identificador uniforme de recurso - URI | https://www.scielo.br/j/floram/a/Wp7K3qKFtqqthYW4wrWCTMm/?format=pdf&lang=pt |
Nenhum exemplar disponível.

BINAGRI